Las poblaciones indígenas de la argentina : su origen, su pasado, su presente /

Guardado en:
Autor Principal: Canals Frau, Salvador
Formato: Libro
Publicado: Buenos Aires : Hyspamerica
Materias:
Etiquetas: Agregar Etiqueta
Sin Etiquetas, Sea el primero en etiquetar este registro!
LEADER 00735nam a22001935a 4500
001 CEM.cems012735
005 20071010170313.0
008 130507b######################000#0#####d
003 CEMS
020 |a 9506144346 
082 0 4 |a 572.982 
100 1 |a Canals Frau, Salvador 
245 1 0 |a Las poblaciones indígenas de la argentina :  |b su origen, su pasado, su presente /  |c Salvador Canals Frau 
260 |a Buenos Aires :  |b Hyspamerica 
300 |a 572 p. 
505 0 |a Origen de las poblaciones indígenas americanas -- Los pueblos de las llanuras -- Los pueblos andinos y andinizados 
653 |a Poblaciones indígenas-américa 
653 |a Poblaciones indígenas-argentina 
859 |a CEMS  |b BIB. CEMS - 11 de abril  |h 572.982  |i C16-1  |p 24050.07  |t Ej.1